The magic school bus Out of this world : a book about space rocks / by Joanna Cole ; illustrated by Bruce Degen.
When Walker Elementary is threatened by a hurtling space rock, Ms. Frizzle and her students launch a field trip into outer space aboard a transformed Magic School Bus space ship, where they learn about asteroids, comets, and more.
Record details
- ISBN: 0590921568
- ISBN: 9780590921565
- ISBN: 9780613002752
- ISBN: 061300275X
- ISBN: (CPomAG)LMN613722
- Physical Description: 30 unnumbered pages : color illustrations ; 20 cm.
- Publisher: New York, NY : Scholastic, ©1996.
Search for related items by subject
| Subject: | Metorites. > Juvenile fiction Astroids. > Juvenile fiction Comets. > Juvenile fiction Space |
| Genre: | Juvenile works Literature. Nonfiction |
Search for related items by series
Available copies
- 1 of 1 copy available at scottsboropl.
Holds
- 0 current holds with 1 total copy.
Show Only Available Copies
| Location | Call Number / Copy Notes | Barcode | Shelving Location | Status | Due Date |
|---|---|---|---|---|---|
| scottsboropl | J 523.44 Mag | 32269001129850 | Juvenile - NonFiction | Available | - |
| LDR | 01403cam a2200337Ma 4500 | ||
|---|---|---|---|
| 001 | 152155 | ||
| 003 | SBPL | ||
| 005 | 20190906132455.0 | ||
| 008 | 970215s1996 nyua j 000 0 eng d | ||
| 020 | . | ‡a0590921568 ‡q(paperback) | |
| 020 | . | ‡a9780590921565 ‡q(paperback) | |
| 020 | . | ‡a9780613002752 ‡q(hardcover) | |
| 020 | . | ‡a061300275X ‡q(hardcover)=035 \\ ‡a(CPomAG)LMN613722 | |
| 035 | . | ‡a(CONS)152155 | |
| 035 | . | ‡a(OCoLC)35661110 ‡z(OCoLC)690104771 ‡z(OCoLC)731407535 ‡z(OCoLC)1089511315 | |
| 050 | 4. | ‡aQB755.2 ‡b.C65 1996 | |
| 082 | 0 | 4. | ‡a523.44 ‡221 |
| 100 | 1 | . | ‡aPosner, Jackie,: ‡eauthor. |
| 245 | 1 | 4. | ‡aThe magic school bus Out of this world : ‡ba book about space rocks / ‡cby Joanna Cole ; illustrated by Bruce Degen. |
| 246 | 3 | . | ‡aOut of this world : a book about space rocks |
| 246 | 3 | . | ‡aScholastic's the magic school bus : out of this world : a book about space rocks |
| 246 | 0. | ‡aA book about space rocks | |
| 260 | . | ‡aNew York, NY : ‡bScholastic, ‡c©1996. | |
| 300 | . | ‡a30 unnumbered pages : ‡bcolor illustrations ; ‡c20 cm. | |
| 336 | . | ‡atext ‡btxt ‡2rdacontent | |
| 337 | . | ‡aunmediated ‡bn ‡2rdamedia | |
| 338 | . | ‡avolume ‡bnc ‡2rdacarrier | |
| 490 | 0 | . | ‡aMagic School bus |
| 520 | . | ‡aWhen Walker Elementary is threatened by a hurtling space rock, Ms. Frizzle and her students launch a field trip into outer space aboard a transformed Magic School Bus space ship, where they learn about asteroids, comets, and more. | |
| 650 | 0. | ‡aMetorites. ‡vJuvenile fiction | |
| 650 | 0. | ‡aAstroids. ‡vJuvenile fiction | |
| 650 | 0. | ‡aComets. ‡vJuvenile fiction | |
| 650 | 0. | ‡aSpace | |
| 655 | 7. | ‡aJuvenile works | |
| 655 | 7. | ‡aLiterature. ‡2lcgft | |
| 655 | 7. | ‡aNonfiction | |
| 700 | 1 | . | ‡aCuddy, Robbin,: ‡eillustrator. |
| 901 | . | ‡a152155 ‡bUnknown ‡c152155 ‡tbiblio | |